|
|
|
|
| LEADER |
00000cam a2200000 c 4500 |
| 001 |
535728735 |
| 003 |
DE-627 |
| 005 |
20240613094638.0 |
| 007 |
tu |
| 008 |
070710s1692 xx ||||| 00| ||lat c |
| 024 |
7 |
|
|a VD17 12:151603L
|2 vd17
|
| 026 |
|
|
|e e.ve r-n- A.3. I.us C 1692R
|2 fei
|
| 035 |
|
|
|a (DE-627)535728735
|
| 035 |
|
|
|a (DE-576)9535728733
|
| 035 |
|
|
|a (DE-599)GBVVDS000556270
|
| 035 |
|
|
|a (OCoLC)934189078
|
| 035 |
|
|
|a (VD17)000556270
|
| 040 |
|
|
|a DE-627
|b ger
|c DE-627
|e rakwb
|
| 041 |
|
|
|a lat
|
| 084 |
|
|
|a 1
|2 ssgn
|
| 100 |
1 |
|
|0 (DE-588)118756095
|0 (DE-627)134706374
|0 (DE-576)163231524
|4 aut
|a Stryk, Johann Samuel
|d 1668-1715
|
| 109 |
|
|
|a Stryckius, Io. Samuel 1668-1715
|a Stryke, Ioannes Samuel 1668-1715
|a Stryck, Johann S. 1668-1715
|a Strykius, Ioannes S. 1668-1715
|a Stryck, Johann Samuel 1668-1715
|a Strykius, Jo. Samuelus 1668-1715
|a Stryke, Joannes Samuel 1668-1715
|a S., J. S. 1668-1715
|a Strykius, Johannes S. 1668-1715
|a Stryckius, Johann Samuel 1668-1715
|a Strykius, Jo. Samuel 1668-1715
|a Stryk, Johann S. 1668-1715
|a Stryk, Johannes S. 1668-1715
|a Strykius, Johann S. 1668-1715
|a Strykius, Joh. Samuel 1668-1715
|a Strykius, Johann Samuel 1668-1715
|a Strykius, Joh. Samuelus 1668-1715
|a Strykius, Joannes S. 1668-1715
|a Strykius, Iohannes Samuel 1668-1715
|a Strykius, Ioannes Samuelus 1668-1715
|a Strykius, Joan. Samuel 1668-1715
|a J.S.S. 1668-1715
|a Strykius, Io. Samuel 1668-1715
|a Stryk, Johann Samuel 1668-1715
|a Strykius, Ioannes Samuel 1668-1715
|a Strykius, Joannes Samuel 1668-1715
|a Strykius, Johannes Samuel 1668-1715
|a Stryckius, Johannes Samuel 1668-1715
|a Stryke, Johannes S. 1668-1715
|a Stryckius 1668-1715
|a Stryk, Johannes Samuel 1668-1715
|a Strykius, Joannes Samuelus 1668-1715
|a Stryke, Johannes Samuel 1668-1715
|a Stryckius, Joannes Samuel 1668-1715
|a Stryke, Johann Samuel 1668-1715
|a Stryckius, Joannes S. 1668-1715
|a Stryckius, Johannes S. 1668-1715
|a S., J.S. 1668-1715
|a J. S. S. 1668-1715
|
| 245 |
1 |
0 |
|a Disputatio Iuridica, De Bona Fide Ad Praescriptionem Actionum Necessaria
|c Quam ... In Hac Celeberrima Rauracorum Universitate, D. 20. Aug. Ann. Sal. MDCXCII. Publico Eruditorum examini submittit Joan. Samuel Strykius, Francofurtensis Marchicus
|
| 264 |
|
1 |
|a Basileae
|b Bertschius
|c 1692
|
| 300 |
|
|
|a [10] Bl
|c 4°
|
| 336 |
|
|
|a Text
|b txt
|2 rdacontent
|
| 337 |
|
|
|a ohne Hilfsmittel zu benutzen
|b n
|2 rdamedia
|
| 338 |
|
|
|a Band
|b nc
|2 rdacarrier
|
| 500 |
|
|
|a Schlüsselseiten aus dem Exemplar der BSB München: 4 Diss. 757
|
| 500 |
|
|
|a Signaturformel: A - B4, C2
|
| 655 |
|
7 |
|a Dissertation:jur
|0 (DE-627)09663118X
|2 local
|
| 700 |
1 |
|
|0 (DE-588)103751081X
|0 (DE-627)755845889
|0 (DE-576)391555553
|4 prt
|a Bertsche, Jacob
|d 1635-1707
|
| 710 |
2 |
|
|a Universität Basel
|4 oth
|
| 751 |
|
|
|a Basel
|4 pup
|
| 856 |
4 |
1 |
|u http://mdz-nbn-resolving.de/urn:nbn:de:bvb:12-bsb10665126-0
|x Digitalisierung
|z // 2011 digitalisiert von꞉ Bayerische Staatsbibliothek. Exemplar mit der Signatur꞉ München, Bayerische Staatsbibliothek -- 4 Diss. 757#Beibd.34
|z kostenfrei
|3 Volltext
|7 0
|
| 935 |
|
|
|a RFBW
|a mteo
|
| 951 |
|
|
|a BO
|
| ELC |
|
|
|b 1
|
| LOK |
|
|
|0 000 xxxxxcx a22 zn 4500
|
| LOK |
|
|
|0 001 4538420247
|
| LOK |
|
|
|0 003 DE-627
|
| LOK |
|
|
|0 004 535728735
|
| LOK |
|
|
|0 005 20240613091145
|
| LOK |
|
|
|0 008 240613||||||||||||||||ger|||||||
|
| LOK |
|
|
|0 040
|a DE-Tue135
|c DE-627
|d DE-Tue135
|
| LOK |
|
|
|0 092
|o n
|
| LOK |
|
|
|0 852
|a DE-Tue135
|
| LOK |
|
|
|0 852 1
|9 00
|
| LOK |
|
|
|0 866
|x SPQUE#Reformationsgeschichtliche Forschungsbibliothek Wittenberg#SPSAM#Lutherhaus#SPUSM#Melanchthonhaus
|
| LOK |
|
|
|0 935
|a RFBW
|a lglu
|a lgme
|
| LOK |
|
|
|0 939
|a 13-06-24
|b l01
|
| OAS |
|
|
|a 1
|
| ORI |
|
|
|a SA-MARC-ixtheoa001.raw
|